| 000 | 01344cam a22003617a 4500 | ||
|---|---|---|---|
| 003 | CHAP | ||
| 005 | 20220329142040.0 | ||
| 008 | 990426d1996 mx r 00010 spa d | ||
| 010 | _a77601 | ||
| 011 | _a78573 | ||
| 035 | _a88575 | ||
| 040 | _cCHAP | ||
| 090 | _aFolleto 15130 | ||
| 100 | 0 | 0 |
_aNava Campos, Gabriela. _980439 |
| 245 | 1 | 4 |
_aLos estudios de caso en la enseñanza de la administración pública : _buso y preparación _c/por Gabriela Nava Campos |
| 260 |
_aMéxico, D.F. : _bCentro de Investigación y Docencia Económicas. División de Administración Pública, _c1996. |
||
| 300 | _a37 h. | ||
| 410 | 2 | _aCIDE. División de Administración Pública | |
| 490 | 0 |
_aDocumento de trabajo _v; 42 |
|
| 590 |
_aBATCH-UPD _b10 _c20130110 _lUCH01 _h0446 |
||
| 590 |
_aBATCH-UPD _b10 _c20130410 _lUCH01 _h0123 |
||
| 590 |
_aBATCH-UPD _b10 _c20130914 _lUCH01 _h0932 |
||
| 590 |
_aCONVERSION _b10 _c20130109 _lUCH01 _h1343 |
||
| 650 | 1 | 4 |
_aAdministracion publica. _9934 |
| 650 | 1 | 4 |
_aAdministración _xEstudio y ensenanza. _9920 |
| 810 | 0 | 0 |
_aCIDE. División de Administración Pública _923093 |
| 830 | 0 |
_aDocumento de trabajo _v; 42 _933227 |
|
| 901 | _aBK | ||
| 905 | _aGuadalupe Pinto C. | ||
| 942 | _cFOLL | ||
| 949 |
_aFolleto 15130 _bBC _cFOLL _d885751 _eTS1 _i88575 _sb |
||
| 949 |
_aFolleto 15130 _bBC _cFOLL _d885752 _eTS2 _fc.2 _i88575 _sb |
||
| 999 |
_c77601 _d77601 |
||